Illustrated computer dictionary / (Record no. 122501)

MARC details
000 -LEADER
fixed length control field 00659nam a22002177a 4500
005 - DATE AND TIME OF LATEST TRANSACTION
control field 20170124105911.0
010 ## - LIBRARY OF CONGRESS CONTROL NUMBER
LC control number A-445936
020 ## - INTERNATIONAL STANDARD BOOK NUMBER
Terms of availability 00.00
035 ## - SYSTEM CONTROL NUMBER
System control number A-445936
037 ## - SOURCE OF ACQUISITION
Source of stock number/acquisition Cen Lib / Ret
040 ## - CATALOGING SOURCE
Original cataloging agency DPL
Language of cataloging EN
082 ## - DEWEY DECIMAL CLASSIFICATION NUMBER
Classification number 001.6403
Item number MAU
100 ## - MAIN ENTRY--PERSONAL NAME
Personal name Maurya, Neeraj
9 (RLIN) 106704
245 ## - TITLE STATEMENT
Title Illustrated computer dictionary /
Statement of responsibility, etc by Neeraj Maurya
260 ## - PUBLICATION, DISTRIBUTION, ETC. (IMPRINT)
Place of publication, distribution, etc Delhi
Name of publisher, distributor, etc SKW Enterprises
Date of publication, distribution, etc 1990
270 ## - ADDRESS
Address E-11/A, East of Kailash
City New Delhi
Postal code 110065
300 ## - PHYSICAL DESCRIPTION
Extent 281p. :
Dimensions 19cm (Hb)
Other physical details ill.
650 ## - SUBJECT ADDED ENTRY--TOPICAL TERM
Topical term or geographic name as entry element Computer science -- Dictionaries
9 (RLIN) 72371
650 ## - SUBJECT ADDED ENTRY--TOPICAL TERM
Topical term or geographic name as entry element Computer terminology
9 (RLIN) 72372
942 ## - ADDED ENTRY ELEMENTS (KOHA)
Source of classification or shelving scheme Dewey Decimal Classification
Koha item type English Books
Classification part 001.6403
Call number suffix MAU
Holdings
Withdrawn status Lost status Source of classification or shelving scheme Damaged status Not for loan Collection code Home library Current library Date acquired Source of acquisition Cost, normal purchase price Total Checkouts Full call number Barcode Date last seen Copy number Cost, replacement price Price effective from Koha item type Public note
Written off   Dewey Decimal Classification     Non-fiction Central Library Central Library 27/05/2015 Cen Lib/Ret 0.00   001.6403 MAU A-445936 27/05/2015 1 0.00 27/05/2015 English Books W/d list no. 6830/25
            Central Library Central Library 30/07/2015 Cen Lib/Ret 0.00   001.6403 MAU A-445963 30/07/2015 2 0.00 15/09/2016 English Books  

© Delhi Public Library
Hit Counter
free hit counter